Sports Quiz

Random Sports or Color Quiz

Billiard Ball Colors Quiz Stats

 Plays Quiz Updated Mar 8, 2019

Score 0/9 Timer 00:30
9 Plays Today
Number Color % Correct
3Red
97.4%
2Blue
97%
1Yellow
96.6%
8Black
95.2%
6Green
94.8%
4Purple
92.3%
CueWhite
92.1%
5Orange
87.3%
7Maroon
65.5%

You're not logged in!

Compare scores with friends on all Sporcle quizzes.
OR
Log In

Sporcle TV

Today on Sporcle TV


Watch our educational content, quiz creation guides, and fun videos on Sporcle TV.

Show Comments

Extras

Top Quizzes Today


Score Distribution

Your Account Isn't Verified!

In order to create a playlist on Sporcle, you need to verify the email address you used during registration. Go to your Sporcle Settings to finish the process.

Report this User

Report this user for behavior that violates our Community Guidelines.

Details: